| 000 | 00737nam a2200217 a 4500 | ||
|---|---|---|---|
| 001 | 000045193 | ||
| 003 | DO-SdBNP | ||
| 005 | 20240316073902.0 | ||
| 007 | ta | ||
| 008 | 150209s 2009 dr 000 0 spa d | ||
| 040 |
_aDO-SdBNP _bspa _cBNPHU |
||
| 082 | 4 | _222 | |
| 245 | 0 | 0 |
_aConstitución de la Nación Dominicana 1963 / _ceditores Tomás Castro Burdiez , León Félix Batista. |
| 260 |
_aSanto Domingo : _bFundación Juan Bosch, _bCámara de Diputados ;, _c2009. |
||
| 300 |
_a79 p. ; _c21 cm. |
||
| 500 | _aEdición conmemorativa centenario del natalicio de Juan Bosch. | ||
| 590 | _aInventariado, 2022/BT | ||
| 700 | 1 |
_aBatista, León Félix, _d1964- _eed. _912031 |
|
| 700 |
_aCastro, Tomás, _d1959- _eed. _924641 |
||
| 942 |
_2ddc _cLBS1 |
||
| 999 |
_c44682 _d44682 |
||